Californian National Parks - Sudden Death - Statistics

General Stats
  • This quiz has been taken 43 times
  • The average score is 7 of 9
Answers on the Grid
Answers color-coded by a green-red scale on the quiz's grid according to % correct below.
Alcatraz
Channel Islands
Crater Lake
Death Valley
General Sherman
Golden Gate
Joshua Tree
Kings Canyon
Klamath
Lake Tahoe
Lassen Volcanic
Mojave
Mount Whitney
Pinnacles
Redwood
Saguaro
Sequoia
White Sands
Yellowstone
Yosemite
 
Answer Stats
Answer % Correct
Channel Islands
100%
Death Valley
88%
Joshua Tree
88%
Sequoia
88%
Yosemite
88%
Pinnacles
75%
Redwood
75%
Kings Canyon
63%
Lassen Volcanic
63%
No matching quizzes found
Score Distribution
Percent of People with Each Score
Percentile by Number Answered
Your Score History
You have not taken this quiz